| 000 | 00591nam a2200193 i 4500 | ||
|---|---|---|---|
| 001 | 57029 | ||
| 003 | ES-MaACL | ||
| 005 | 20250802062551.0 | ||
| 007 | t| | ||
| 008 | 031014s1977 sp ||||1| spa d | ||
| 100 | 1 |
_aDíez Borque, José María, _d1947- _944682 |
|
| 245 | 1 | 0 |
_aAntología de la Literatura española / _cJose María Díez Borque. |
| 260 |
_a[Madrid] : _bGuadiana, _c[1977] |
||
| 300 |
_a659 p. ; _c22 cm. |
||
| 505 | 8 | _aContiene: v.1: Edad Media | |
| 650 | 0 | 7 |
_aLiteratura española _2embne _914539 |
| 852 |
_aES-MaACL _jA-6901 _bR.96133 |
||
| 999 |
_c57029 _d57029 |
||